| 000 | 00538nam a22001697a 4500 | ||
|---|---|---|---|
| 005 | 20231114081913.0 | ||
| 008 | 231114b |||||||| |||| 00| 0 eng d | ||
| 020 | _a0409040894 | ||
| 041 | _aEnglish | ||
| 082 | _a345 MCQ | ||
| 100 |
_aMcQuoid-Mason, DJ _lEnglish |
||
| 245 |
_aAn Outline of Legal Aid in South Africa / _cDJ McQuoid-Mason |
||
| 260 |
_aDurban : _bButterworth and Company (Pty) Ltd, _c1982 |
||
| 300 |
_bxxvi, 310 pages ; _c22,5 cm. |
||
| 650 |
_aLegal practice _bLaw |
||
| 942 |
_cBK _6ALISON_BN_VRIES |
||
| 999 |
_c608 _d608 |
||